Personnages de Glee par images - Statistiques

Statistiques générales
  • Ce quiz a été pris 881 fois
  • Le résultat moyen est 16 sur 20
Statistiques - réponses
Par images Réponse % Correct
Rachel Berry
99%
Finn Hudson
95%
Mercedes Jones
94%
Santana Lopez
93%
Kurt Hummel
91%
Sue Sylvester
91%
Brittany Pierce
90%
Noah Puckerman
89%
Quinn Fabray
89%
Will Schuester
87%
Sam Evans
86%
Tina Cohen-Chang
82%
Blaine Anderson
81%
Artie Abram
80%
Emma Pillsbury
79%
Mike Chang
78%
Marley Rose
62%
Kitty Wilde
61%
Jake Puckerman
59%
Ryder Lynn
45%
Aucun quiz correspondant
Distribution des résultats
% des personnes avec chaque résultat
Percentile par nombre de réponses
Votre historique - résultats
Vous n’avez pas pris ce quiz